Statistieken voor Landen die starten met een P

Klik hier om de quiz te nemen!

Algemene statistieken

  • Deze quiz is 35 keer genomen
  • De gemiddelde score is 6 van 8

Antwoordstatistieken

Land% Correct
Portugal
96%
Polen
82%
Pakistan
79%
Peru
79%
Panama
68%
Paraguay
61%
Palau
57%
Papoea-Nieuw-Guinea
46%

Scoreverdeling

Percentiel versus Aantal Correcte Antwoorden

Procent van Mensen met Elke Score

Uw Scoregeschiedenis

U heeft deze quiz nog niet genomen